Contemporary social problems: an introduction to the sociology of deviant behavior and social disorganization

Salvato in:
Dettagli Bibliografici
Autori principali: Merton, Robert King (autor), Nisbet, Robert A (Autore)
Natura: Libro
Lingua:inglese
Pubblicazione: Nueva York Harcourt, Brace & World 1961
Soggetti:
Tags: Aggiungi Tag
Nessun Tag, puoi essere il primo ad aggiungerne!!

MARC

LEADER 00000nam a2200000 a 4500
001 UCQ0452
003 CL-VaPUC
008 980627e19610000US |||||||||||||||||eng|d
082 0 4 |a 302.17  |b MER  |2 21 
100 |a Merton, Robert King  |e autor  |9 434583 
700 0 |a Nisbet, Robert A  |e author  |9 413685 
245 1 0 |a Contemporary social problems: an introduction to the sociology of deviant behavior and social disorganization 
300 |a 754 p 
942 |c BK 
945 |d 19980627 00:00:00  |a crobeson 
260 |a Nueva York  |b Harcourt, Brace & World  |c 1961 
650 0 |a Problemas sociales  |9 258537 
650 0 |a Alienación social   |9 343768 
650 0 |a Desviación social   |9 337764 
650 0 |a Comportamiento social  |9 334200 
650 7 |a DESORGANIZACION SOCIAL  |2 CL-VaPUC  |9 376488 
650 7 |a INADAPTACION  |2 CL-VaPUC  |9 336027 
583 |a last modification  |c 19980627 00:00:00  |k Rodrigo Vera 
999 |c 271582  |d 271580 
952 |0 0  |1 0  |4 0  |6 302_170000000000000_MER_1961  |7 0  |8 A  |9 306272  |a BIBENE  |b BIBENE  |d 2019-11-20  |i 1427210  |o 302.17 MER 1961  |p 1427210  |r 2025-01-15  |w 2019-11-20  |y BK  |k ICO